000 00688nam a2200253 i 4500
001 344840
003 PILC
005 20150514081117.0
008 770425s1977 nyua 001 0 eng
010 _a 76018028
020 _a0442225164
040 _aDLC
_cDLC
_dDLC
050 0 0 _aQA 154
_b.F965 1977
082 0 0 _a512.9
100 1 _aFuller, Gordon,
_d1894-
245 1 0 _aCollege algebra /
_cGordon Fuller.
250 _a4th ed.
260 _aNew York :
_bD. Van Nostrand Co.,
_c1977.
300 _axii, 467 pages :
_billustrations ;
_c25 cm.
500 _aIncludes index.
650 0 _aAlgebra.
906 _a7
_bcbc
_corignew
_d2
_eocip
_f19
_gy-gencatlg
942 _2lcc
_cBK
_kFOR
999 _c283976
_d283976